000
00303 a2200145 4500
001
177559
020
_a
040
_c
Magnum
100
_a
Maternal e Iº Periodo
240
1
0
_a
Cantando na escola
_l
por
245
1
0
_a
Cantando na escola
362
0
_a
1899
697
_a
MAGNITO: MUSICA
942
_c
BK
999
_c
177559
_d
177559